000 00435 a2200157 4500
003 OSt
005 20240112154409.0
008 240112b |||||||| |||| 00| 0 eng d
040 _coclc
082 _a297
_bMOU/T
100 _aMoulavi, M Shaih Mohamed
_98676
245 _aTharaweeh /
_cM Shaikh Muhammed Moulavi
260 _aKerala:
_bKNM,
_c2015
300 _a45p
942 _2ddc
_cBK
_h297
_iMOU/T
_k297
_mMOU/T
999 _c43192
_d43192